000 00636nam a2200181Ia 4500
008 090124s9999 xx 000 0 und d
082 _b114555
100 _aजाधव रा. ग.
245 _a नववाङमयीन प्रवृत्ती व प्रमेये
250 _a1
260 _c1972
300 _a180
600 _aजाधव रा. ग.
630 _a नववाङमयीन प्रवृत्ती व प्रमेये
700 _aजाधव रा. ग.
730 _a नववाङमयीन प्रवृत्ती व प्रमेये
942 _cBOOK
999 _c160646
_d160646